| 000 | 00573nam a2200193Ia 4500 | ||
|---|---|---|---|
| 003 | OSt | ||
| 005 | 20250131091456.0 | ||
| 008 | 210210b2000 xxu||||| |||| 00| 0 eng d | ||
| 040 | _cAL | ||
| 041 | _aKannada | ||
| 082 | _aK894.4 JAYK | ||
| 100 |
_aJAYAPPA (MC) _985151 _dಜಯಪ್ಪ |
||
| 245 |
_aKanasugala lokadalli : Prabandha sankalana _bಕನಸುಗಳ ಲೋಕದಲ್ಲಿ : ಪ್ರಬಂಧ ಸಂಕಲನ |
||
| 260 |
_aKodagu _bPurnima Prakashana _c2000 |
||
| 300 | _a83 | ||
| 690 |
_aKannada Prose _985152 |
||
| 906 | _a061990 | ||
| 942 |
_2ddc _cBK |
||
| 999 |
_c115848 _d115848 |
||